000 01195nam a22002657a 4500
999 _c6672
_d6672
003 AR-CdUCM
008 190319b ||||| |||| 00| 0 spa d
020 _a0-471-02518-6
040 _aMUNICIPALIDAD PROVINCIAL DEL CUSCO
_cBIBLIOTECA MUNICIPAL DEL CUSCO
041 _heng
082 _a541.1 /
_bAL49
100 _aAlworth, W. L.
_918771
245 _aEstereoquímica y su aplicacion en bioquímica :
_bLa relación entre la simetría del sustrato y la estereoespecificidad biológica /
260 _aMadrid :
_bAlhambra,
_c1980.
300 _a376 páginas ;
_bIlustraciones,
_c20 cm.
440 _aExedra - Ciencia técnica ingeniería.
_n125
_918772
500 _aTitulo original: Stereochemistry and its application in biochemistry
505 _aDesarrollo del concepto de estereoespecificidad biológica -- Introducción a la simetría molecular -- Disimétrica molecular, actividad óptica y estereoespecificidad biológica -- Aplicaciones representativas del análisis estereoquimico ...
650 _aBioquímica
_918733
650 _aEstereoquímica
_918773
700 _aMarquet Cortés, J.
_918774
700 _aMoreno Mañas, M.
_918775
942 _2ddc
_cLIBROS
945 _aacv